Standardization essentials : principles and practice
Αποθηκεύτηκε σε:
| Κύριος συγγραφέας: | |
|---|---|
| Άλλοι συγγραφείς: | |
| Μορφή: | Βιβλίο |
| Γλώσσα: | English |
| Δημοσίευση: |
New York :
Marcel Dekker,
c2001
|
| Θέματα: | |
| Ετικέτες: |
Προσθήκη ετικέτας
Δεν υπάρχουν, Καταχωρήστε ετικέτα πρώτοι!
|
MARC
| LEADER | 00000nam a2200000 i 4500 | ||
|---|---|---|---|
| 001 | 1/84604 | ||
| 008 | 080512s2001 eng d | ||
| 020 | |a 0-8247-8918-0 | ||
| 035 | |l 10097220 | ||
| 040 | |a GR-MY-UA |b gre |e aacr | ||
| 041 | 0 | |a eng | |
| 082 | 0 | |a 602.18 |2 (22) | |
| 100 | 1 | |a Spivak, Steven M. | |
| 245 | 1 | 0 | |a Standardization essentials : |b principles and practice / |c Steven M. Spivak, F. Cecil Brenner |
| 260 | |a New York : |b Marcel Dekker, |c c2001 | ||
| 300 | |a xiv, 316 σ.; |b εικ.; |c 14 εκ. | ||
| 504 | |a Περιλαμβάνει βιβλιογραφίες και ευρετήριο. | ||
| 650 | 0 | 0 | |a Standardization. |
| 700 | 1 | |a Brenner, F. Cecil |d 1928- | |
| 852 | |a INST |b SYROS |e 20080512 |h 602.18 SPI |p 005500005997 |q 005500005997 |t BK |y 0 | ||
| 901 | |a BIBL5-2008-2 | ||
| 909 | |a Ε |b 152451 | ||
| 922 | |a 5ΕΛΗ |b 200803 |c ΕΠΕΑΕΚ2/ΤΜΣΠΣ |d ΕΛΕΥΘΕΡΟΥΔΑΚΗΣ | ||
| 970 | |a ΚΑΓΙΑΒΑ |b ΕΙΡΗΝΗ |z 2008/05/12 | ||